Korean Nouns #2 - Statistics

General Stats
  • This quiz has been taken 14 times
  • The average score is 9 of 16
Answer Stats
Hint Answer % Correct
Korean 한국어
92%
food 음식
83%
cake 케이크
83%
head 머리
75%
leg 다리
67%
arm
67%
eye
67%
mouth/lips
67%
stomach
67%
bus 버스
67%
boat
67%
airport 공항
33%
hospital 병윈
8%
park 공윈
8%
finger 손가릭
8%
ear
8%
No matching quizzes found
Score Distribution
Percent of People with Each Score
Percentile by Number Answered
Your Score History
You have not taken this quiz